000 01073namaa2200229 i 4500
001 158640
003 ES-MaACL
005 20230906211243.0
008 981210q1897 fr a 001 0 fre d
100 1 _aMantz, Paul (
_d1821-1895)
_9129426
245 1 3 _aLa peinture française :
_bdu IXe siècle à la fin du XVIe /
_cpar Paul Mantz ; avec une introduction par Olivier Merson.
260 _aParis :
_bSociété Française d'Editions d'Art,
_c[1897] (
_fImp. Réunies Motteroz)
300 _a288 p. :
_bil. ;
_c22 cm.
490 1 _aBibliotheque de l'enseignement des beaux-arts / publiés sous la direction de M. Jules Comte
596 _aEn anteport.: Cet ouvrage a été déposé au Ministere de l'Intérieur en septembre 1897.
650 4 _aPintura francesa-
_xHistoria.
_9136698
700 1 _aComte, Jules.
_9126558
700 1 _aMerson, Olivier.
_9129864
830 1 _aBibliotheque de l'enseignement des beaux-arts / publiés sous la direction de M. Jules Comte
_9188171
852 4 _aES-MaACL
_jB-2523
_z- Enc. editorial en tela
999 _c158640
_d158640